00767nam a22002177a 450000500170000001000150001702000260003203500140005803700090007208200080008110000310008924500640012025000060018426000530019027000680024330000250031150000160033694200220035299900190037495201560039320250717160005.0 aENG-146025 a9789325975514c275.00 aEN-129557 bDBAD a500 aBhui, Bikas Chandra983068 aMathematics II:bSubject Code MA131201/cBikas Chandra Bhui a1 aNew DelhibVikas Publishing House Pvt. Ltdc2007 a576, Masjid Road, Jangpura, New Delhi-110014bNew Delhie110014 axii, 416p.c22cm(pb) aSemester II 2ddccENh500mBHU c212418d212418 001040718NFICaDBADbDBADd2025-07-17eDelivery of Books Act Divisiong275.00l0o500 BHUpEN-129557r2025-07-17 00:00:00t1v275.00w2025-07-17yEN